000 00768nam a2200253Ia 4500
003 OSt
005 20220925224910.0
006 a|||||r|||| 00| 0
007 ta
008 220923b |||||||| |||| 00| 0 eng d
020 _a0415031966
037 _cGeneral Book
040 _aRTL
_cRTL
_beng
041 _2eng
_aeng
082 _aY15-49.3.N5, N0
100 _aGlucksmann Miriam
_9291225
245 0 _aWomen assemble
_b Women workers and the new industries in inter-war Britain
260 _aLondon
_bRoutledge Publications
_c1990
300 _ax,325p
_ccm.
500 _aBibliography:p304-318; Appendix:p283-284
650 _aWorking Women
942 _hY15-49.3.N5, N0
_cGB
_2CC
999 _c582511
_d582511